Великому подвигу посвящено; Экслибрисы советских художников: [Альбом]

Podrobná bibliografie
Další autoři: Бейлинсон Я. Л. Яков Лазаревич (составитель)
Shrnutí:К 40-летию Победы советского народа в Великой Отечественной войне
В суперобложке
Аннотация и перечень репродукций даны на англ., франц., нем. и испанском языках.
Jazyk:ruština
Vydáno: Москва, Изобразительное искусство, 1985
Témata:
Médium: Kniha
KOHA link:https://koha.lib.tpu.ru/cgi-bin/koha/opac-detail.pl?biblionumber=106425

MARC

LEADER 00000nam0a2200000 4500
001 106425
005 20231031114911.0
035 |a (RuTPU)RU\TPU\book\114850 
090 |a 106425 
100 |a 20061206d1985 m y0rusy50 ca 
101 0 |a rus 
102 |a RU 
105 |a a z 011zy 
200 1 |a Великому подвигу посвящено  |a Экслибрисы советских художников  |e [Альбом]  |f сост. Я. Л. Бейлинсон 
210 |a Москва  |c Изобразительное искусство  |d 1985 
215 |a 223 с.  |c [100] ил.  |d 17 см. 
300 |a К 40-летию Победы советского народа в Великой Отечественной войне 
300 |a В суперобложке 
300 |a Аннотация и перечень репродукций даны на англ., франц., нем. и испанском языках. 
320 |a Примечания: с. 33 
320 |a Перечень репродукций: с. 135-147 
320 |a Именной указатель художников: с. 148-151. 
610 1 |a Россия 
610 1 |a история 
610 1 |a Великая Отечественная война 1941-1945 
610 1 |a экслибрисы 
610 1 |a 20 век 
610 1 |a альбомы 
675 |a 76(084)  |v 3 
686 |a Ч611  |2 rubbk 
702 1 |a Бейлинсон  |b Я. Л.  |g Яков Лазаревич  |4 220 
801 1 |a RU  |b 63413507  |c 20061206  |g PSBO 
801 2 |a RU  |b 63413507  |c 20140528  |g PSBO 
942 |c BK